=LDR 00000nam 2200000 4500 =001 INLIS000000000000027 =005 20150113135414.0 =006 =007 =008 Ind =035 ##$$0010-061300000000027 =041 ##$$a Ind =082 ##$$a 900 =090 ##$$a 900, Gar s =100 ##$$a Gardiner, Yuliet =245 ##$$a Sejarah dewasa ini / Yuliet Gardiner; penerjemah, Apsanti =260 ##$$aJakarta$bPusat Pembinaan Pengembangan Bahasa$c1996 =300 ##$$a x, 233 hlm. ; 21 cm =650 ##$$a Sejarah =700 ##$$a Apsanti DS =850 ##$$a NBPDMAT